Statistics for All Countries By GDP Per Capita - In Order

Click here to take the quiz!

General Stats

  • This quiz has been taken 462 times
  • The average score is 162 of 195

Answer Stats

$##Answer% Correct
$173,690EuropeLLiechtenstein
100%
$135,050EuropeLLuxembourg
100%
$203,000EuropeMMonaco
100%
$101,510EuropeIIreland
99%
$84,510AsiaQQatar
99%
$69,090EuropeDDenmark
98%
$96,480EuropeNNorway
98%
$79,570AsiaSSingapore
98%
$74,420N. AmericaUUnited States
98%
$59,970OceaniaAAustralia
97%
$76,030EuropeIIceland
97%
$99,390EuropeSSwitzerland
97%
$79,820AsiaBBrunei
96%
$57,410N. AmericaCCanada
96%
$57,830EuropeFFinland
96%
$67,480EuropeSSweden
96%
$53,370EuropeAAustria
95%
$51,100EuropeBBelgium
95%
$49,760EuropeFFrance
95%
$52,590EuropeGGermany
95%
$39,240AsiaJJapan
95%
$62,840EuropeNNetherlands
95%
$49,870OceaniaNNew Zealand
95%
$50,350AsiaUUnited Arab Emirates
95%
$45,770EuropeAAndorra
94%
$32,870N. AmericaBBahamas
94%
$34,990AsiaSSouth Korea
94%
$44,990EuropeUUnited Kingdom
94%
$54,690AsiaIIsrael
93%
$41,930AsiaKKuwait
93%
$36,050AsiaTTaiwan
93%
$33,030EuropeIItaly
92%
$34,710EuropeMMalta
92%
$49,900EuropeSSan Marino
92%
$25,040AsiaOOman
91%
$30,160EuropeSSlovenia
91%
$30,150AsiaBBahrain
90%
$28,970EuropeEEstonia
90%
$21,320EuropeHHungary
90%
$23,440EuropeLLatvia
90%
$26,010EuropeLLithuania
90%
$18,500EuropePPoland
89%
$14,820EuropeRRomania
89%
$18,080N. AmericaTTrinidad and Tobago
89%
$20,260S. AmericaUUruguay
89%
$17,110N. AmericaAAntigua and Barbuda
88%
$17,910S. AmericaCChile
88%
$20,940EuropeGGreece
88%
$15,520S. AmericaGGuyana
88%
$13,710OceaniaPPalau
88%
$22,660EuropePPortugal
88%
$24,210EuropeSSlovakia
88%
$13,270S. AmericaAArgentina
87%
$19,100N. AmericaBBarbados
87%
$12,840EuropeBBulgaria
87%
$14,100AsiaCChina
87%
$27,910EuropeCCzech Republic
87%
$10,390N. AmericaDDominican Republic
87%
$9,610EuropeMMontenegro
87%
$16,090N. AmericaPPanama
87%
$12,580EuropeRRussia
87%
$11,730N. AmericaSSaint Lucia
87%
$9,500EuropeSSerbia
87%
$29,100EuropeSSpain
87%
$9,780S. AmericaBBrazil
86%
$17,340EuropeCCroatia
86%
$10,470N. AmericaGGrenada
86%
$9,990OceaniaNNauru
86%
$19,120N. AmericaSSaint Kitts and Nevis
86%
$29,640AsiaSSaudi Arabia
86%
$13,100N. AmericaCCosta Rica
85%
$30,660AsiaCCyprus
85%
$8,570N. AmericaDDominica
85%
$5,690OceaniaFFiji
85%
$17,500AsiaIIran
85%
$10,000AsiaKKazakhstan
85%
$17,690AfricaSSeychelles
85%
$6,070EuropeAAlbania
84%
$6,380EuropeBBelarus
84%
$7,010S. AmericaCColombia
84%
$6,520S. AmericaEEcuador
84%
$5,830N. AmericaJJamaica
84%
$5,440EuropeMMoldova
84%
$5,710S. AmericaPParaguay
84%
$7,060S. AmericaPPeru
84%
$8,890N. AmericaSSaint Vincent and the Grenadines
84%
$4,860S. AmericaSSuriname
84%
$12,280AsiaTTurkmenistan
84%
$4,590N. AmericaBBelize
83%
$7,520AfricaBBotswana
83%
$4,840N. AmericaGGuatemala
83%
$6,990AsiaIIraq
83%
$5,350EuropeKKosovo
83%
$13,520AsiaMMalaysia
83%
$8,560AfricaMMauritius
83%
$10,280N. AmericaMMexico
83%
$5,280OceaniaTTonga
83%
$3,950EuropeUUkraine
83%
$4,130AsiaVVietnam
83%
$7,020EuropeBBosnia and Herzegovina
82%
$4,700N. AmericaEEl Salvador
82%
$4,070OceaniaFMFS Micronesia
82%
$4,520AsiaJJordan
82%
$4,760OceaniaMMarshall Islands
82%
$6,870EuropeNNorth Macedonia
82%
$7,450AsiaTThailand
82%
$8,080AsiaTTurkey
82%
$6,250OceaniaTTuvalu
82%
$4,740AsiaAArmenia
81%
$7,170AsiaAAzerbaijan
81%
$3,480S. AmericaBBolivia
81%
$9,480N. AmericaCCuba
81%
$10,910AfricaEEquatorial Guinea
81%
$7,190AfricaLLibya
81%
$2,990OceaniaVVanuatu
81%
$2,990S. AmericaVVenezuela
81%
$4,040AfricaEEswatini
80%
$10,170AfricaGGabon
80%
$4,690AsiaIIndonesia
80%
$2,330OceaniaSSolomon Islands
80%
$880AsiaYYemen
80%
$2,260AfricaZZimbabwe
80%
$4,160AfricaAAlgeria
79%
$4,290AfricaEEgypt
79%
$1,690N. AmericaHHaiti
79%
$3,140N. AmericaHHonduras
79%
$1,740OceaniaKKiribati
79%
$2,310AsiaLLaos
79%
$4,010AsiaLLebanon
79%
$14,080AsiaMMaldives
79%
$5,020AfricaNNamibia
79%
$2,380N. AmericaNNicaragua
79%
$3,270OceaniaPPapua New Guinea
79%
$4,060OceaniaSSamoa
79%
$6,960AfricaSSouth Africa
79%
$1,330AfricaZZambia
79%
$3,790AfricaAAngola
78%
$3,460AsiaBBhutan
78%
$3,680AfricaDDjibouti
78%
$660AfricaDCDR Congo
78%
$5,620AsiaGGeorgia
78%
$5,200AsiaMMongolia
78%
$1,590AsiaPPakistan
78%
$3,870AsiaPPhilippines
78%
$1,060AfricaUUganda
78%
$2,070AsiaUUzbekistan
78%
$2,250AfricaKKenya
77%
$1,320AsiaKKyrgyzstan
77%
$890AfricaMMali
77%
$910AfricaRRwanda
77%
$620AsiaAAfghanistan
76%
$390AfricaBBurundi
76%
$1,040AfricaEEthiopia
76%
$870AfricaGGuinea-Bissau
76%
$2,140AfricaMMauritania
76%
$1,510AsiaNNepal
76%
$2,350AfricaNNigeria
76%
$270AfricaSSouth Sudan
76%
$3,760AfricaTTunisia
76%
$1,430AfricaBBenin
75%
$1,760AsiaCCambodia
75%
$3,500AfricaCCape Verde
75%
$2,300AfricaGGhana
75%
$1,420AfricaGGuinea
75%
$2,360AsiaIIndia
75%
$1,220AfricaLLesotho
75%
$1,270AfricaTTanzania
75%
$2,340AsiaBBangladesh
74%
$880AfricaBBurkina Faso
74%
$1,640AfricaCCameroon
74%
$750AfricaCChad
74%
$1,400AsiaEEast Timor
74%
$2,650AfricaIIvory Coast
74%
$3,620AfricaMMorocco
74%
$1,290AsiaMMyanmar
74%
$600AfricaNNiger
74%
$690AsiaNNorth Korea
74%
$790AsiaTTajikistan
74%
$1,000AfricaTTogo
74%
$530AfricaCCentral African Republic
73%
$1,370AfricaCComoros
73%
$710AfricaEEritrea
73%
$780AfricaLLiberia
73%
$550AfricaMMalawi
73%
$540AfricaSSomalia
73%
$3,640AsiaSSri Lanka
73%
$670AfricaSSudan
73%
$850AfricaGGambia
72%
$570AfricaMMozambique
72%
$1,610AfricaSSenegal
72%
$500AfricaMMadagascar
71%
$2,310AfricaSSão Tomé and Principe
71%
$510AfricaSSierra Leone
71%
$900AsiaSSyria
71%
$3,240AfricaCCongo
68%

Score Distribution

Percentile by Number Answered

Percent of People with Each Score

Your Score History

You have not taken this quiz